KOHA-Header-6

Introduction to computing and programming in Python (Record no. 1826)

000 -LEADER
fixed length control field 00339nam a2200133Ia 4500
008 - FIXED-LENGTH DATA ELEMENTS--GENERAL INFORMATION
fixed length control field 190723s9999 xx 000 0 und d
020 ## - INTERNATIONAL STANDARD BOOK NUMBER
International Standard Book Number 978-93-325-5659-1
100 ## - MAIN ENTRY--PERSONAL NAME
Personal name Mark J. Guzdial
245 #0 - TITLE STATEMENT
Title Introduction to computing and programming in Python
250 ## - EDITION STATEMENT
Edition statement 4th
260 ## - PUBLICATION, DISTRIBUTION, ETC. (IMPRINT)
Place of publication, distribution, etc India
Name of publisher, distributor, etc Pearson
Date of publication, distribution, etc 2016
300 ## - PHYSICAL DESCRIPTION
Extent 499.:P
942 ## - ADDED ENTRY ELEMENTS (KOHA)
Koha item type Books
Holdings
Withdrawn status Lost status Damaged status Not for loan Collection code Permanent Location Current Location Shelving location Date acquired Total Checkouts Full call number Barcode Date last seen Date checked out Price effective from Koha item type
        Computer Languages MAJU MAJU Shelf No.A33 2019-07-23 2 5.133 8449 2025-06-18 2025-02-11 2019-07-23 Computer Languages

Powered by Koha